Economics of futures trading (Record no. 28200)

MARC details
000 -LEADER
fixed length control field 00325nam a2200133Ia 4500
082 ## - DEWEY DECIMAL CLASSIFICATION NUMBER
Classification number 339.1
Item number GOS
100 ## - MAIN ENTRY--AUTHOR NAME
Personal name GOSS, B A
245 #0 - TITLE STATEMENT
Title Economics of futures trading
260 ## - PUBLICATION, DISTRIBUTION, ETC. (IMPRINT)
Place of publication London
Name of publisher Macmillan
Year of publication 1976
650 ## - SUBJECT ADDED ENTRY--TOPICAL TERM
Topical Term Futures trading
700 ## - ADDED ENTRY--PERSONAL NAME
Personal name YAMEY, B S
942 ## - ADDED ENTRY ELEMENTS (KOHA)
Koha item type Books
Holdings
Withdrawn status Lost status Damaged status Not for loan Home library Current library Date acquired Full call number Accession Number Koha item type
        RRII Library RRII Library 16/12/2021 339.1 GOS 08808 Books